Statistics for SZA - Low (All Lyrics)

Click here to take the quiz!

General Stats

  • This quiz has been taken 57 times
  • The average score is 370 of 484

Answer Stats

Answer% Correct
I
100%
the
100%
it
97%
out
97%
outta
97%
to
97%
be
94%
Don't
94%
don't
94%
keep
94%
Keep
94%
a
91%
get
91%
if
91%
If
91%
In
91%
in
91%
know
91%
me!
91%
me,
91%
me
91%
my
91%
no
91%
of
91%
on,
91%
on
91%
quiet
91%
see
91%
You
91%
you,
91%
you
91%
bedroom,
88%
bedroom
88%
bitch,
88%
Got
88%
got
88%
like
88%
public,
88%
but
85%
But
85%
I'm
85%
lowest
85%
need
85%
poppin'
85%
screamin'
85%
screamin',
85%
silent
85%
these
85%
bitches
82%
outside,
82%
outside
82%
violence
82%
choosin'
79%
fuck
79%
Fuck
79%
here
79%
side
79%
way,
79%
way
79%
lowski,
76%
lowski
76%
Wanna
76%
another
73%
business
73%
call
73%
can
70%
what
70%
love
67%
nobody
67%
space
67%
'em
64%
feelin'
64%
more
64%
new
64%
shit
64%
ain't
61%
for?
61%
knows
61%
stay
61%
Tell
61%
cryin'
58%
escape
58%
makin'
58%
play
58%
that
58%
That
58%
all
55%
great
55%
shoot
55%
Wanna
55%
pussy's
52%
want
52%
callin'
48%
confidential
48%
fuckin',
48%
hoes
48%
private
48%
We
48%
we
48%
dog
45%
favorite
45%
range
45%
loop
42%
where
42%
your
42%
can't
39%
change,
39%
change
39%
how
39%
moving
39%
Replacement's
39%
trick,
39%
crime
36%
please
36%
reach
36%
selfish,
36%
total
36%
trip
36%
With
36%
with
36%
'cause
33%
dogs
33%
feels
33%
gon'
33%
mind
33%
old
33%
too
33%
And
30%
and
30%
class
30%
committin'
30%
first-
30%
hot
30%
plays
30%
save
30%
spot
30%
Whatever
30%
are,
27%
are
27%
block
27%
every
27%
is
27%
Time
27%
time
27%
belong,
24%
one
24%
thinkin'
24%
Wherever
24%
rush
21%
even
18%
I'll
18%
moody
18%
now
18%
real
18%
stop
18%
wasn't
18%
groupie
15%
make
15%
match
15%
nerves,
15%
playin'
15%
slap
15%
some
15%
stroke
15%
talk,
15%
talk
15%
tryna
15%
look
12%
stupid
12%
work
12%
zones
12%

Score Distribution

Percentile by Number Answered

Percent of People with Each Score

Your Score History

You have not taken this quiz